Selection methods in plant breeding (Record no. 41029)

MARC details
000 -LEADER
fixed length control field 00471nam a2200169Ia 4500
082 ## - DEWEY DECIMAL CLASSIFICATION NUMBER
Classification number 575:631.527
Item number BOS
100 ## - MAIN ENTRY--AUTHOR NAME
Personal name Bos, Izak
245 #0 - TITLE STATEMENT
Title Selection methods in plant breeding
260 ## - PUBLICATION, DISTRIBUTION, ETC. (IMPRINT)
Place of publication London
Name of publisher Chapman & Hall
Year of publication 1995
650 ## - SUBJECT ADDED ENTRY--TOPICAL TERM
Topical Term Genetic variance
650 ## - SUBJECT ADDED ENTRY--TOPICAL TERM
Topical Term Genotype X environment interaction
650 ## - SUBJECT ADDED ENTRY--TOPICAL TERM
Topical Term Inbreeding
650 ## - SUBJECT ADDED ENTRY--TOPICAL TERM
Topical Term Quantitative genetic theory
700 ## - ADDED ENTRY--PERSONAL NAME
Personal name Caligari, Peter
942 ## - ADDED ENTRY ELEMENTS (KOHA)
Koha item type Books
Holdings
Withdrawn status Lost status Damaged status Not for loan Home library Current library Date acquired Cost, normal purchase price Full call number Accession Number Koha item type
        RRII Library RRII Library 16/12/2021 59.00 575:631.527 BOS 21321 Books